|
|
|
|
| LEADER |
02389cas a2200253 a 4500 |
| 001 |
AALejournalIMF014306 |
| 008 |
230101c9999 xx r poo 0 0eng d |
| 020 |
|
|
|c 20.00 USD
|
| 020 |
|
|
|z 9781484346129
|
| 022 |
|
|
|a 2071-551X
|
| 040 |
|
|
|a BD-DhAAL
|c BD-DhAAL
|
| 110 |
2 |
|
|a International Monetary Fund.
|
| 240 |
1 |
0 |
|a Perspectivas economicas regionales, abril de 2014: Departamento del Hemisferio Occidental.
|l Spanish
|
| 245 |
1 |
0 |
|a Perspectivas economicas regionales, abril de 2014 :
|b Departamento del Hemisferio Occidental.
|
| 264 |
|
1 |
|a Washington, D.C. :
|b International Monetary Fund,
|c 2014.
|
| 300 |
|
|
|a 1 online resource (90 pages)
|
| 490 |
1 |
|
|a Regional Economic Outlook
|
| 500 |
|
|
|a <strong>Off-Campus Access:</strong> No User ID or Password Required
|
| 500 |
|
|
|a <strong>On-Campus Access:</strong> No User ID or Password Required
|
| 506 |
|
|
|a Electronic access restricted to authorized BRAC University faculty, staff and students
|
| 520 |
3 |
|
|a Los cinco informes sobre las perspectivas economicas regionales (informes REO) que el FMI publica semestralmente abarcan Asia y el Pacifico, Europa, Oriente Medio y Asia Central, africa sub-sahariana y las Americas. En cada informe se analizan la evolucion reciente y las perspectivas economicas de la respectiva region, tanto en su conjunto como en paises especificos. Los informes incluyen datos clave sobre los paises de cada region. En cada informe se enfocan los acontecimientos de politica economica que han incidido en los resultados economicos de la region y se analizan los desafios que tienen ante si las autoridades. Tambien se analizan de manera exhaustiva las perspectivas a corto plazo, los principales riesgos y los desafios de politica conexos, como por ejemplo cuando y como retirar las intervenciones publicas en los sistemas financieros a escala mundial, preservando al mismo tiempo una recuperacion economica que aun es fragil. Estos estudios indispensables son el producto de examenes interdepartamentales exhaustivos de la evolucion economica basados principalmente en la informacion que el personal del FMI recopila en las consultas con los paises miembros.
|
| 538 |
|
|
|a Mode of access: Internet
|
| 830 |
|
0 |
|a Regional Economic Outlook; Regional Economic Outlook
|
| 856 |
4 |
0 |
|z Full text available on IMF
|u http://elibrary.imf.org/view/books/086/21108-9781484346129-es/21108-9781484346129-es-book.xml
|z IMF e-Library
|